Les 30 joueurs les + chers de Manchester City - Statistiques

Statistiques générales
  • Ce quiz a été pris 254 fois
    98 depuis la dernière actualisation
  • Le résultat moyen est 23 sur 30
Statistiques - réponses
# Saison Provenance Poste Valeur du transfert Pays Joueur % Correct
1 21/22 Aston Villa FC A 117 500 000 € Jack Grealish
95%
3 15/16 VfL Wolfsburg M 76 000 000 € Kevin De Bruyne
95%
21 17/18 AS Monaco M 50 000 000 € Bernardo Silva
94%
13 22/23 Borussia Dortmund A 60 000 000 € Erling Haaland
94%
2 23/24 RB Leipzig D 90 000 000 € Josko Gvardiol
93%
4 24/25 Eintracht Frankfurt A 75 000 000 € Omar Marmoush
93%
8 18/19 Leicester City FC A 67 800 000 € Riyad Mahrez
92%
6 20/21 SL Benfica D 71 600 000 € Rúben Dias
92%
14 23/24 Stade Rennais FC A 60 000 000 € Jérémy Doku
90%
7 19/20 Atlético de Madrid M 70 000 000 € Rodri
90%
11 15/16 Liverpool FC A 63 700 000 € Raheem Sterling
85%
16 17/18 AS Monaco D 57 500 000 € Benjamin Mendy
82%
9 19/20 Juventus Turin D 65 000 000 € João Cancelo
82%
18 25/26 AC Milan M 55 000 000 € Tijjani Reijnders
79%
10 17/18 Athletic Club Bilbao D 65 000 000 € Aymeric Laporte
77%
5 25/26 AFC Bournemouth A 72 000 000 € Antoine Semenyo
75%
17 16/17 Everton FC D 55 600 000 € John Stones
75%
23 20/21 AFC Bournemouth D 45 300 000 € Nathan Aké
74%
27 11/12 Atlético de Madrid A 40 000 000 € Sergio Agüero
74%
19 17/18 Tottenham Hotspur D 52 700 000 € Kyle Walker
73%
29 17/18 SL Benfica G 40 000 000 € Ederson
71%
30 24/25 RC Lens D 40 000 000 € Abdukodir Khusanov
70%
12 23/24 Wolverhampton Wanderers M 62 000 000 € Matheus Nunes
64%
22 22/23 Leeds United FC M 49 000 000 € Kalvin Phillips
57%
24 14/15 FC Porto D 45 000 000 € Eliaquim Mangala
55%
20 16/17 FC Schalke 04 A 52 000 000 € Leroy Sané
55%
28 13/14 FC Shakhtar Donetsk M 40 000 000 € Fernandinho
54%
25 15/16 Valencia CF D 44 500 000 € Nicolás Otamendi
48%
15 24/25 FC Porto M 60 000 000 € Nico González
46%
26 08/09 Real Madrid CF A 43 000 000 € Robinho
46%
Aucun quiz correspondant
Distribution des résultats
% des personnes avec chaque résultat
Percentile par nombre de réponses
Votre historique - résultats
Vous n’avez pas pris ce quiz depuis la dernière actualisation